|
|
|
|
| LEADER |
00000nam0a2200000 4500 |
| 001 |
146400 |
| 005 |
20231101221224.0 |
| 035 |
|
|
|a (RuTPU)RU\TPU\book\158697
|
| 090 |
|
|
|a 146400
|
| 100 |
|
|
|a 20081029d1990 k y0rusy50 ca
|
| 101 |
0 |
|
|a rus
|
| 102 |
|
|
|a RU
|
| 105 |
|
|
|a a z 001zy
|
| 200 |
1 |
|
|a Импульсные высоковольтные системы электропитания. Разработка и исследование высоковольтных и полупроводниковых приборов и устройств
|e сборник научных трудов
|f Всесоюзный электротехнический институт (ВЭИ); под ред. И. К. Решидова
|
| 210 |
|
|
|a Москва
|c Информэлектро
|d 1990
|
| 215 |
|
|
|a 132 с.
|c ил.
|
| 320 |
|
|
|a Библиография в конце статей
|
| 610 |
1 |
|
|a электроэнергетические системы
|
| 610 |
1 |
|
|a системы электропитания
|
| 610 |
1 |
|
|a полупроводниковые приборы
|
| 610 |
1 |
|
|a полупроводниковые устройства
|
| 610 |
1 |
|
|a разработка
|
| 610 |
1 |
|
|a исследование
|
| 610 |
1 |
|
|a электротехнические материалы
|
| 610 |
1 |
|
|a сборники
|
| 675 |
|
|
|a 621.311.6
|v 3
|
| 702 |
|
1 |
|a Решидов
|b И. К.
|4 340
|
| 712 |
0 |
2 |
|a Всесоюзный электротехнический институт (ВЭИ)
|2 stltpush
|3 (RuTPU)RU\TPU\col\6141
|9 24218
|
| 801 |
|
1 |
|a RU
|b 63413507
|c 20081029
|g PSBO
|
| 801 |
|
2 |
|a RU
|b 63413507
|c 20090127
|g PSBO
|
| 942 |
|
|
|c BK
|